<?xml version="1.0" encoding="UTF-8"?>
<record
    xmlns:xsi="http://www.w3.org/2001/XMLSchema-instance"
    xsi:schemaLocation="http://www.loc.gov/MARC21/slim http://www.loc.gov/standards/marcxml/schema/MARC21slim.xsd"
    xmlns="http://www.loc.gov/MARC21/slim">

  <leader>03234nam a2200409 i 4500</leader>
  <controlfield tag="001">000008561</controlfield>
  <controlfield tag="003">DO-SdBNP</controlfield>
  <controlfield tag="005">20260427135538.0</controlfield>
  <controlfield tag="007">ta</controlfield>
  <controlfield tag="008">090917s2001    dr a    r     000 0 spa d</controlfield>
  <datafield tag="020" ind1=" " ind2=" ">
    <subfield code="a">999343020X</subfield>
  </datafield>
  <datafield tag="040" ind1=" " ind2=" ">
    <subfield code="a">DO-SdBNP</subfield>
    <subfield code="b">spa</subfield>
    <subfield code="c">BNPHU</subfield>
    <subfield code="e">rda</subfield>
  </datafield>
  <datafield tag="082" ind1=" " ind2="4">
    <subfield code="a">RD860.8</subfield>
    <subfield code="b">C744o, 2000</subfield>
    <subfield code="2">22</subfield>
  </datafield>
  <datafield tag="111" ind1="2" ind2=" ">
    <subfield code="a">Concurso Arte y Literatura Bancentral</subfield>
    <subfield code="n">(6. :</subfield>
    <subfield code="d">2000 :</subfield>
    <subfield code="c">Santo Domingo, Rep&#xFA;blica Dominicana)</subfield>
    <subfield code="9">22944</subfield>
  </datafield>
  <datafield tag="245" ind1="1" ind2="0">
    <subfield code="a">Obras premiadas : </subfield>
    <subfield code="b">sexto concurso de arte y literatura Bancentral 2000 /</subfield>
    <subfield code="c">edici&#xF3;n, Jos&#xE9; Alc&#xE1;ntara Alm&#xE1;nzar, Lourdes Lara.</subfield>
  </datafield>
  <datafield tag="264" ind1=" " ind2="1">
    <subfield code="a">Santo Domingo :</subfield>
    <subfield code="b">Banco Central de la Rep&#xFA;blica Dominicana</subfield>
    <subfield code="c">2001.</subfield>
  </datafield>
  <datafield tag="300" ind1=" " ind2=" ">
    <subfield code="a">71 p&#xE1;ginas :</subfield>
    <subfield code="b">ilustraciones ;</subfield>
    <subfield code="c">23 cm.</subfield>
  </datafield>
  <datafield tag="336" ind1=" " ind2=" ">
    <subfield code="a">texto</subfield>
    <subfield code="b">txt</subfield>
    <subfield code="2">rdacontent</subfield>
  </datafield>
  <datafield tag="337" ind1=" " ind2=" ">
    <subfield code="a">sin mediaci&#xF3;n</subfield>
    <subfield code="b">n</subfield>
    <subfield code="2">rdamedia</subfield>
  </datafield>
  <datafield tag="338" ind1=" " ind2=" ">
    <subfield code="a">volumen</subfield>
    <subfield code="b">nc</subfield>
    <subfield code="2">rdacarrier</subfield>
  </datafield>
  <datafield tag="490" ind1="1" ind2=" ">
    <subfield code="a">Banco Central de la Rep&#xFA;blica Dominicana</subfield>
    <subfield code="v">34</subfield>
  </datafield>
  <datafield tag="490" ind1="1" ind2=" ">
    <subfield code="a">Obras premiadas</subfield>
    <subfield code="v">6</subfield>
  </datafield>
  <datafield tag="505" ind1="0" ind2=" ">
    <subfield code="a">Presentaci&#xF3;n --</subfield>
    <subfield code="g">Primer premio. Categor&#xED;a Pintura :</subfield>
    <subfield code="t">Sobrevivencia /</subfield>
    <subfield code="r">Geraldo Amable Pimentel Ram&#xED;rez --</subfield>
    <subfield code="g">Primer premio. Categor&#xED;a Cuento :</subfield>
    <subfield code="t">Venganza /</subfield>
    <subfield code="r">Henry Almonte Dilon&#xE9; --</subfield>
    <subfield code="g">Primer premio. Categor&#xED;a Fotograf&#xED;a :</subfield>
    <subfield code="t">Banco Central y la globalizaci&#xF3;n /</subfield>
    <subfield code="r">Pedro Antonio Fern&#xE1;ndez P&#xE9;rez --</subfield>
    <subfield code="g">Primer premio. Categor&#xED;a Fotograf&#xED;a :</subfield>
    <subfield code="t">Fe y esperanza /</subfield>
    <subfield code="r">Rafael V. Ravelo Pe&#xF1;a --</subfield>
    <subfield code="g">Segundo premio. Categor&#xED;a Cuento :</subfield>
    <subfield code="t">Amores de fin de a&#xF1;o /</subfield>
    <subfield code="r">Luis R. Santos Lora --</subfield>
    <subfield code="g">Segundo premio. Categor&#xED;a Pintura :</subfield>
    <subfield code="t">Sue&#xF1;o de Juventud /</subfield>
    <subfield code="r">Sarah Perell&#xF3; Cruz --</subfield>
    <subfield code="g">Segundo premio. Categor&#xED;a Pintura :</subfield>
    <subfield code="t">Cambita I /</subfield>
    <subfield code="r">Marcela P&#xE9;rez de Mart&#xED; --</subfield>
  </datafield>
  <datafield tag="505" ind1="0" ind2=" ">
    <subfield code="a">Tercer premio. Categor&#xED;a Cuento :</subfield>
    <subfield code="t">Desvelo /</subfield>
    <subfield code="r">Elsa Ram&#xED;rez --</subfield>
    <subfield code="g">Segundo premio. Categor&#xED;a Fotograf&#xED;a :</subfield>
    <subfield code="t">Reflejos /</subfield>
    <subfield code="r">Rafael V. Ravelo Pe&#xF1;a --</subfield>
    <subfield code="g">Tercer premio. Categor&#xED;a Fotograf&#xED;a :</subfield>
    <subfield code="t">Vestigios de un sue&#xF1;o sobre la playa de Juanillo /</subfield>
    <subfield code="r">Domingo de la Cruz --</subfield>
    <subfield code="g">Tercer premio. Categor&#xED;a Cuento :</subfield>
    <subfield code="t">El extra&#xF1;o hombre oscuro /</subfield>
    <subfield code="r">Luis Jos&#xE9; Bourget G. --</subfield>
    <subfield code="g">Tercer premio. Categor&#xED;a Pintura :</subfield>
    <subfield code="t">P&#xF3;rtico a la paz /</subfield>
    <subfield code="r">Dinorah B&#xE1;ez P&#xE9;rez --</subfield>
    <subfield code="g">Menci&#xF3;n de Honor. Categor&#xED;a Pintura :</subfield>
    <subfield code="t">Puente de Azua /</subfield>
    <subfield code="r">Mar&#xED;a Mercedes Cubilete Rodr&#xED;guez --</subfield>
    <subfield code="g">Menci&#xF3;n de Honor. Categor&#xED;a Pintura :</subfield>
    <subfield code="t">Frutas y vinos /</subfield>
    <subfield code="r">Yolanda Esteban de L&#xF3;pez --</subfield>
    <subfield code="g">Menci&#xF3;n de Honor. Categor&#xED;a Fotograf&#xED;a :</subfield>
    <subfield code="t">Naturaleza? /</subfield>
    <subfield code="r">Cynthia Alexandra Valenzuela Acosta --</subfield>
    <subfield code="g">Menci&#xF3;n de Honor. Categor&#xED;a Fotograf&#xED;a :</subfield>
    <subfield code="t">Debajo del marco /</subfield>
    <subfield code="r">Jos&#xE9; Polanco Santana --</subfield>
    <subfield code="g">Menci&#xF3;n de Honor. Categor&#xED;a Fotograf&#xED;a :</subfield>
    <subfield code="t">Crep&#xFA;sculo antillano /</subfield>
    <subfield code="r">Juan E. Est&#xE9;vez Hurtado --</subfield>
    <subfield code="t">Veredicto --</subfield>
    <subfield code="t">Ap&#xE9;ndice --</subfield>
    <subfield code="t">Notas biogr&#xE1;ficas de los autores.</subfield>
  </datafield>
  <datafield tag="586" ind1=" " ind2=" ">
    <subfield code="a">Premios del concurso de arte y literatura Bancentral 2000.</subfield>
  </datafield>
  <datafield tag="590" ind1=" " ind2=" ">
    <subfield code="a">Inventariado, 2018/BT</subfield>
  </datafield>
  <datafield tag="650" ind1=" " ind2="4">
    <subfield code="a">Arte y literatura</subfield>
    <subfield code="y">Siglo XX</subfield>
    <subfield code="9">22945</subfield>
  </datafield>
  <datafield tag="650" ind1=" " ind2="4">
    <subfield code="a">Artes pl&#xE1;sticas</subfield>
    <subfield code="y">Siglo XX</subfield>
    <subfield code="9">22946</subfield>
  </datafield>
  <datafield tag="650" ind1=" " ind2="4">
    <subfield code="a">Premios literarios</subfield>
    <subfield code="y">Siglo XX</subfield>
    <subfield code="9">22947</subfield>
  </datafield>
  <datafield tag="650" ind1=" " ind2="4">
    <subfield code="a">Literatura dominicana </subfield>
    <subfield code="y">Siglo XX</subfield>
    <subfield code="9">85167</subfield>
  </datafield>
  <datafield tag="700" ind1="1" ind2=" ">
    <subfield code="a">Lara, Lourdes,</subfield>
    <subfield code="e">editor</subfield>
    <subfield code="4">ed.</subfield>
    <subfield code="9">22948</subfield>
  </datafield>
  <datafield tag="700" ind1="1" ind2=" ">
    <subfield code="a">Alc&#xE1;ntara Alm&#xE1;nzar, Jos&#xE9;,</subfield>
    <subfield code="d">1946-</subfield>
    <subfield code="e">editor</subfield>
    <subfield code="4">ed.</subfield>
    <subfield code="9">7018</subfield>
  </datafield>
  <datafield tag="710" ind1="2" ind2=" ">
    <subfield code="a">Banco Central de la Rep&#xFA;blica Dominicana</subfield>
    <subfield code="9">83405</subfield>
  </datafield>
  <datafield tag="830" ind1=" " ind2="0">
    <subfield code="a">Banco Central de la Rep&#xFA;blica Dominicana</subfield>
    <subfield code="v">34</subfield>
    <subfield code="p">Obras premiadas</subfield>
    <subfield code="n">6</subfield>
    <subfield code="9">22949</subfield>
  </datafield>
  <datafield tag="910" ind1=" " ind2=" ">
    <subfield code="a">Validado. Control de calidad. EMS</subfield>
  </datafield>
  <datafield tag="942" ind1=" " ind2=" ">
    <subfield code="2">ddc</subfield>
    <subfield code="c">LBS1</subfield>
  </datafield>
  <datafield tag="952" ind1=" " ind2=" ">
    <subfield code="0">0</subfield>
    <subfield code="1">0</subfield>
    <subfield code="2">ddc</subfield>
    <subfield code="5">1</subfield>
    <subfield code="7">0</subfield>
    <subfield code="8">PD</subfield>
    <subfield code="a">BNPHU</subfield>
    <subfield code="b">BNPHU</subfield>
    <subfield code="c">HD</subfield>
    <subfield code="d">2009-09-17</subfield>
    <subfield code="l">0</subfield>
    <subfield code="o">BNPHU PD RD860.8 C744o, 2000</subfield>
    <subfield code="p">8561-10</subfield>
    <subfield code="r">2020-06-25</subfield>
    <subfield code="w">2020-06-25</subfield>
    <subfield code="y">LBS1</subfield>
    <subfield code="Z">No se presta</subfield>
  </datafield>
  <datafield tag="952" ind1=" " ind2=" ">
    <subfield code="0">0</subfield>
    <subfield code="1">0</subfield>
    <subfield code="2">ddc</subfield>
    <subfield code="5">1</subfield>
    <subfield code="7">0</subfield>
    <subfield code="8">PD</subfield>
    <subfield code="a">BNPHU</subfield>
    <subfield code="b">BNPHU</subfield>
    <subfield code="c">HD</subfield>
    <subfield code="d">2011-05-10</subfield>
    <subfield code="l">0</subfield>
    <subfield code="o">BNPHU PD RD860.8 C744o, 2000</subfield>
    <subfield code="p">8561-20</subfield>
    <subfield code="r">2020-06-25</subfield>
    <subfield code="t">e. 2</subfield>
    <subfield code="w">2020-06-25</subfield>
    <subfield code="y">LBS1</subfield>
    <subfield code="Z">No se presta</subfield>
  </datafield>
  <datafield tag="952" ind1=" " ind2=" ">
    <subfield code="0">0</subfield>
    <subfield code="1">0</subfield>
    <subfield code="2">ddc</subfield>
    <subfield code="5">6</subfield>
    <subfield code="7">0</subfield>
    <subfield code="8">DS</subfield>
    <subfield code="a">BNPHU</subfield>
    <subfield code="b">BNPHU</subfield>
    <subfield code="c">HD</subfield>
    <subfield code="d">2013-06-14</subfield>
    <subfield code="l">0</subfield>
    <subfield code="o">BNPHU DS RD860.8 C744o, 2000</subfield>
    <subfield code="p">8561-40</subfield>
    <subfield code="r">2020-06-25</subfield>
    <subfield code="t">e. 3</subfield>
    <subfield code="w">2020-06-25</subfield>
    <subfield code="y">LBS1</subfield>
    <subfield code="Z">Pr&#xE9;stamo en sala</subfield>
  </datafield>
  <datafield tag="952" ind1=" " ind2=" ">
    <subfield code="0">0</subfield>
    <subfield code="1">0</subfield>
    <subfield code="2">ddc</subfield>
    <subfield code="5">6</subfield>
    <subfield code="7">0</subfield>
    <subfield code="8">DS</subfield>
    <subfield code="a">BNPHU</subfield>
    <subfield code="b">BNPHU</subfield>
    <subfield code="c">HD</subfield>
    <subfield code="d">2018-07-05</subfield>
    <subfield code="l">0</subfield>
    <subfield code="o">BNPHU DS RD860.8 C744o, 2000</subfield>
    <subfield code="p">8561-50</subfield>
    <subfield code="r">2020-06-25</subfield>
    <subfield code="t">e. 4</subfield>
    <subfield code="w">2020-06-25</subfield>
    <subfield code="y">LBS1</subfield>
    <subfield code="Z">Pr&#xE9;stamo en sala</subfield>
  </datafield>
  <datafield tag="952" ind1=" " ind2=" ">
    <subfield code="0">0</subfield>
    <subfield code="1">0</subfield>
    <subfield code="2">ddc</subfield>
    <subfield code="5">6</subfield>
    <subfield code="7">0</subfield>
    <subfield code="8">DS</subfield>
    <subfield code="a">BNPHU</subfield>
    <subfield code="b">BNPHU</subfield>
    <subfield code="c">HD</subfield>
    <subfield code="d">2018-07-05</subfield>
    <subfield code="l">0</subfield>
    <subfield code="o">BNPHU DS RD860.8 C744o, 2000</subfield>
    <subfield code="p">8561-60</subfield>
    <subfield code="r">2020-06-25</subfield>
    <subfield code="t">e. 5</subfield>
    <subfield code="w">2020-06-25</subfield>
    <subfield code="y">LBS1</subfield>
    <subfield code="Z">Pr&#xE9;stamo en sala</subfield>
  </datafield>
  <datafield tag="999" ind1=" " ind2=" ">
    <subfield code="c">8331</subfield>
    <subfield code="d">8331</subfield>
  </datafield>
</record>
